Celebrity artists who died in hotel rooms - Statistics

General Stats
  • This quiz has been taken 100 times
  • The average score is 6 of 15
Answer Stats
Picture Hint Answer % Correct
American singer, 2012 Whitney Houston
93%
American musician, 1970 Jimi Hendrix
90%
American musician, 1970 Janis Joplin
70%
Irish poet/playwright, 1900 Oscar Wilde
65%
American actor, 1982 John Belushi
64%
British musician, 1979 Sid Vicious
56%
American singer, 1964 Sam Cooke
36%
American actor, 2009 David Carradine
35%
Australian musician, 1997 Michael Hutchence
28%
British musician, 2002 John Entwistle
20%
Irish singer, 2009 Stephen Gately
11%
Dutch-Aruban musician, 2010 Bobby Farrell
8%
Irish musician, 2011 Gary Moore
8%
German-American dancer, 1998 Robert Pilatus
6%
American musician, 2010 Paul Gray
2%
No matching quizzes found
Score Distribution
Percent of People with Each Score
Percentile by Number Answered
Your Score History
You have not taken this quiz